Normal view
MARC view
Entry Personal Name
001 - CONTROL NUMBER
- control field: 18711
003 - CONTROL NUMBER IDENTIFIER
- control field: ARRUPE
005 - DATE AND TIME OF LATEST TRANSACTION
- control field: 20150826090442.0
008 - FIXED-LENGTH DATA ELEMENTS
- fixed length control field: 150826|| aca||aabn | a|a d
040 ## - CATALOGING SOURCE
- Original cataloging agency: ARRUPE
- Transcribing agency: ARRUPE
100 ## - HEADING--PERSONAL NAME
- Personal name: Dundas, Charles,
- Titles and other words associated with a name: Sir
- Dates associated with a name: 1884-1956.
670 ## - SOURCE DATA FOUND
- Source citation: Work cat.: (ARRUPE)0: Dundas, Charles, Sir 1884-1956., Kilimanjaro and its people;, 1924.